[Event "VAM Hoogeveen op"]
[Site "Hoogeveen"]
[Date "1997.??.??"]
[Round "1"]
[White "Bronstein, David Ionovich"]
[Black "Jap Tjoen San, Linda"]
[Result "0-1"]
[WhiteElo "2420"]
[BlackElo "2175"]
[PlyCount "74"]
[EventDate "1997.10.??"]
[EventType "swiss"]
[EventRounds "9"]
[EventCountry "NED"]
[SourceTitle "CBM 060 Extra"]
[Source "ChessBase"]
[SourceDate "1997.11.04"]
[SourceVersion "1"]
[SourceVersionDate "1997.11.04"]
[SourceQuality "1"]

1. e4 c5 2. Nf3 d6 3. d4 cxd4 4. Nxd4 Nf6 5. Nc3 e6 6. Bc4 Be7 7. Be3 0-0 8. Qe2 a6 9. a4 Nc6 10. 0-0 Bd7 11. Nxc6 Bxc6 12. a5 Qe8 13. Bd4 Rc8 14. Bd3 e5 15. Be3 Qd7 16. Rfd1 h6 17. f3 Qc7 18. Bb6 Qb8 19. Bc4 Bd7 20. Nd5 Nxd5 21. Bxd5 Be6 22. c4 Bd8 23. b4 Bxd5 24. exd5 f5 25. Rdc1 Bg5 26. Rc2 Rce8 27. c5 e4 28. c6 exf3 29. Qxf3 Re4 30. c7 Qc8 31. Re2 Rxb4 32. Rae1 Qd7 33. Qc3 Re4 34. Rxe4 fxe4 35. Rxe4 Qb5 36. Re1 Bf6 37. Rc1 Bxc3 0-1

[Event "BEL-chT 9697"]
[Site "Belgium"]
[Date "1997.??.??"]
[Round "4"]
[White "Bronstein, David Ionovich"]
[Black "Nikolic, Nebojsa"]
[Result "1-0"]
[WhiteElo "2440"]
[BlackElo "2435"]
[PlyCount "119"]
[EventDate "1996.??.??"]
[EventType "team"]
[EventRounds "11"]
[EventCountry "BEL"]
[SourceTitle "EXT 1998"]
[Source "ChessBase"]
[SourceDate "1997.11.17"]
[SourceVersion "1"]
[SourceVersionDate "1997.11.17"]
[SourceQuality "1"]

1. e4 c5 2. Nf3 Nc6 3. Bb5 g6 4. c3 Qb6 5. Ba4 Bg7 6. 0-0 e5 7. Na3 Nge7 8. d4 cxd4 9. cxd4 Nxd4 10. Nc4 Qe6 11. Ncxe5 0-0 12. Qxd4 d6 13. Bf4 Nc6 14. Nxc6 Bxd4 15. Ncxd4 Qxe4 16. Bh6 Bg4 17. Rfe1 Qd5 18. Bb3 Qh5 19. Bxf8 Kxf8 20. Rac1 Qa5 21. h3 Bd7 22. Rc3 Rc8 23. Rd3 h6 24. a3 Ba4 25. Ba2 Qa6 26. Rd2 Qa5 27. Kh2 Bd7 28. Re3 Re8 29. Red3 Qc7 30. Rc3 Qb6 31. Bd5 Ba4 32. Ne2 Qxf2 33. Ng3 Qb6 34. Ne4 Kg7 35. Rc4 Bd7 36. Rb4 Qe3 37. Nxd6 Re7 38. Bxb7 a5 39. Rbd4 Be6 40. Bc6 Qb3 41. Ba4 Qe3 42. Bb5 Kf8 43. a4 Rc7 44. Re2 Qc1 45. Rdd2 Qc5 46. Ne4 Qb6 47. Nc3 Rc5 48. Rf2 Rf5 49. Ne4 Rf4 50. Rfe2 g5 51. Ng3 g4 52. hxg4 Rxg4 53. Nh5 Qc7+ 54. g3 Rg6 55. Nd4 Rg5 56. Nxe6+ fxe6 57. Nf4 Kg8 58. Rxe6 Re5 59. Rc6 Qb7 60. Rg6+ 1-0

[Event "VAM Hoogeveen op"]
[Site "Hoogeveen"]
[Date "1997.??.??"]
[Round "8"]
[White "Bronstein, David Ionovich"]
[Black "Rogers, Ian"]
[Result "1/2-1/2"]
[WhiteElo "2420"]
[BlackElo "2570"]
[PlyCount "30"]
[EventDate "1997.10.??"]
[EventType "swiss"]
[EventRounds "9"]
[EventCountry "NED"]
[SourceTitle "CBM 060 Extra"]
[Source "ChessBase"]
[SourceDate "1997.11.04"]
[SourceVersion "1"]
[SourceVersionDate "1997.11.04"]
[SourceQuality "1"]

1. e4 c6 2. d4 d5 3. Nd2 dxe4 4. Nxe4 Bf5 5. Nc5 b6 6. Nb3 e6 7. Nf3 Nd7 8. g3 Bd6 9. Bg2 Ne7 10. Nh4 Rc8 11. Nxf5 Nxf5 12. a4 0-0 13. 0-0 a5 14. c3 Nf6 15. Bg5 Be7 1/2-1/2

[Event "VAM Hoogeveen op"]
[Site "Hoogeveen"]
[Date "1997.??.??"]
[Round "4"]
[White "Lanchava, Tea"]
[Black "Bronstein, David Ionovich"]
[Result "0-1"]
[WhiteElo "2275"]
[BlackElo "2420"]
[PlyCount "80"]
[EventDate "1997.10.??"]
[EventType "swiss"]
[EventRounds "9"]
[EventCountry "NED"]
[SourceTitle "CBM 060 Extra"]
[Source "ChessBase"]
[SourceDate "1997.11.04"]
[SourceVersion "1"]
[SourceVersionDate "1997.11.04"]
[SourceQuality "1"]

1. d4 Nf6 2. c4 e6 3. Nc3 Bb4 4. Nf3 d6 5. g3 Bxc3+ 6. bxc3 b6 7. Bg2 Bb7 8. 0-0 Be4 9. Bh3 h6 10. Nd2 Bb7 11. Qc2 e5 12. e4 Nc6 13. dxe5 dxe5 14. Ba3 Bc8 15. Bg2 Be6 16. f4 Ng4 17. Rf3 Nd4 18. Qa4+ Bd7 19. Qd1 Nxf3+ 20. Qxf3 c5 21. h3 Nf6 22. fxe5 Nh7 23. h4 Qe7 24. Rf1 0-0 25. Qh5 Be6 26. Bc1 Qd7 27. Qe2 Rad8 28. Qe3 Qd3 29. Re1 Qc2 30. Bf1 Qxa2 31. Bd3 Rd7 32. Re2 Rfd8 33. Nb1 Qa4 34. Bc2 Qc6 35. Na3 Nf8 36. Rf2 Ng6 37. Rf5 Bxf5 38. exf5 Rd1+ 39. Bxd1 Rxd1+ 40. Kf2 Qh1 0-1

[Event "VAM Hoogeveen op"]
[Site "Hoogeveen"]
[Date "1997.??.??"]
[Round "6"]
[White "Ligterink, Gert"]
[Black "Bronstein, David Ionovich"]
[Result "0-1"]
[WhiteElo "2450"]
[BlackElo "2420"]
[PlyCount "52"]
[EventDate "1997.10.??"]
[EventType "swiss"]
[EventRounds "9"]
[EventCountry "NED"]
[SourceTitle "CBM 060 Extra"]
[Source "ChessBase"]
[SourceDate "1997.11.04"]
[SourceVersion "1"]
[SourceVersionDate "1997.11.04"]
[SourceQuality "1"]

1. d4 Nf6 2. c4 g6 3. Nc3 Bg7 4. e4 d6 5. Be2 0-0 6. Nf3 e5 7. 0-0 Nc6 8. d5 Ne7 9. b4 Ne8 10. c5 h6 11. Nd2 f5 12. Ba3 Kh7 13. Rc1 Ng8 14. b5 Ngf6 15. cxd6 cxd6 16. exf5 gxf5 17. Nc4 Rg8 18. f4 e4 19. Kh1 Bf8 20. Ne3 Ng7 21. g4 fxg4 22. Nxg4 Nge8 23. Nxf6+ Nxf6 24. Nxe4 Nxe4 25. Bd3 Bf5 26. Qf3 Qe7 0-1

[Event "VAM Hoogeveen op"]
[Site "Hoogeveen"]
[Date "1997.??.??"]
[Round "9"]
[White "Nijboer, Friso"]
[Black "Bronstein, David Ionovich"]
[Result "1-0"]
[WhiteElo "2605"]
[BlackElo "2420"]
[PlyCount "105"]
[EventDate "1997.10.??"]
[EventType "swiss"]
[EventRounds "9"]
[EventCountry "NED"]
[SourceTitle "CBM 060 Extra"]
[Source "ChessBase"]
[SourceDate "1997.11.04"]
[SourceVersion "1"]
[SourceVersionDate "1997.11.04"]
[SourceQuality "1"]

1. e4 e6 2. d4 d5 3. Nc3 Bb4 4. e5 b6 5. Qg4 Bf8 6. Be3 Ne7 7. 0-0-0 Ba6 8. Bxa6 Nxa6 9. Bg5 Nb4 10. f4 Nbc6 11. Qh3 h6 12. Nge2 Qd7 13. Bh4 Ng6 14. Bf2 h5 15. Qf3 0-0-0 16. g3 f6 17. Qd3 Nge7 18. b3 Kb7 19. Kb2 Qe8 20. Rhe1 f5 21. Nb1 Na5 22. Rf1 a6 23. Be1 Nec6 24. a3 b5 25. Nbc3 Rb8 26. Ra1 g6 27. Bd2 Kc8 28. Kc1 Kd7 29. Kd1 Ke7 30. a4 b4 31. Na2 Rb6 32. Nec1 Kf7 33. Qe3 Be7 34. Nd3 h4 35. Nac1 Rb8 36. Ne2 hxg3 37. hxg3 Qg8 38. Ne1 Rh3 39. Qd3 Qh7 40. Qxa6 Qh5 41. Qd3 Rh2 42. Nf3 Rg2 43. Be3 Qg4 44. Bg1 Rh8 45. Ne1 Rxe2 46. Qxe2 Qxg3 47. Qf3 Rh3 48. Qxg3 Rxg3 49. Bf2 Rh3 50. Ke2 Rc3 51. Rd1 g5 52. fxg5 Bxg5 53. Rd3 1-0

[Event "Cap d'Agde op"]
[Site "Cap d'Agde"]
[Date "1996.04.??"]
[Round "?"]
[White "Collas, Didier"]
[Black "Bronstein, David Ionovich"]
[Result "1-0"]
[WhiteElo "2360"]
[BlackElo "2460"]
[PlyCount "99"]
[EventDate "1996.04.??"]
[EventType "swiss"]
[EventRounds "9"]
[EventCountry "FRA"]
[SourceTitle "EXT 2016"]
[Source "ChessBase"]
[SourceDate "2015.10.08"]
[SourceVersion "1"]
[SourceVersionDate "2015.10.08"]
[SourceQuality "1"]

1. d4 Nf6 2. c4 d6 3. Nc3 g6 4. e4 Bg7 5. Bd3 e5 6. d5 c6 7. Nge2 Nbd7 8. Rb1 cxd5 9. cxd5 Nc5 10. Bc2 a5 11. 0-0 Bd7 12. Be3 b5 13. f3 0-0 14. a3 a4 15. Nc1 Qa5 16. Nd3 Nxd3 17. Bxd3 b4 18. Na2 b3 19. Nb4 Qd8 20. Qd2 Nh5 21. Rfc1 f5 22. Nc6 Qe8 23. Qb4 Nf4 24. Bxf4 fxe4 25. Bxe4 exf4 26. Qxd6 Rf6 27. Qc7 Bf8 28. Qb7 Bd6 29. Rc4 g5 30. Re1 Kf8 31. Kf2 Qc8 32. Qxc8+ Bxc8 33. h3 h5 34. Rd1 Bc7 35. Ke1 g4 36. hxg4 hxg4 37. Rdd4 gxf3 38. gxf3 Bd7 39. Rxa4 Bxc6 40. dxc6 Rxa4 41. Rxa4 Ke7 42. Ra7 Kd8 43. Rb7 Rd6 44. Rxb3 Ba5+ 45. Kf1 Rd1+ 46. Kg2 Ke7 47. Rb7+ Kf6 48. b4 Bd8 49. c7 Rd2+ 50. Kh3 1-0

[Event "Cap d'Agde op"]
[Site "Cap d'Agde"]
[Date "1996.04.??"]
[Round "?"]
[White "Verdier, Patrice"]
[Black "Bronstein, David Ionovich"]
[Result "1-0"]
[WhiteElo "2280"]
[BlackElo "2460"]
[PlyCount "71"]
[EventDate "1996.04.??"]
[EventType "swiss"]
[EventRounds "9"]
[EventCountry "FRA"]
[SourceTitle "EXT 2016"]
[Source "ChessBase"]
[SourceDate "2015.10.08"]
[SourceVersion "1"]
[SourceVersionDate "2015.10.08"]
[SourceQuality "1"]

1. d4 d5 2. c4 c6 3. Nc3 Nf6 4. Nf3 a6 5. c5 g6 6. Bf4 Bg7 7. Qd2 Nbd7 8. Bh6 Bxh6 9. Qxh6 b6 10. cxb6 Qxb6 11. Qd2 c5 12. Na4 Qd6 13. Nxc5 Nxc5 14. dxc5 Qxc5 15. Rc1 Qb6 16. Qd4 Qxd4 17. Nxd4 Bd7 18. e3 0-0 19. Be2 Rfb8 20. b3 a5 21. 0-0 e5 22. Nf3 Bg4 23. Rc2 Bxf3 24. Bxf3 a4 25. Rc5 axb3 26. axb3 e4 27. Bd1 Rb4 28. f3 exf3 29. Bxf3 Rxb3 30. Bxd5 Nxd5 31. Rxd5 Rb2 32. Rd7 Raa2 33. Rfxf7 Rxg2+ 34. Kf1 Rxh2 35. Kg1 Rag2+ 36. Kf1 1-0

[Event "Reykjavik op"]
[Site "Reykjavik"]
[Date "1996.??.??"]
[Round "8"]
[White "Bronstein, David Ionovich"]
[Black "Conquest, Stuart"]
[Result "0-1"]
[WhiteElo "2455"]
[BlackElo "2540"]
[PlyCount "38"]
[EventDate "1996.03.??"]
[EventType "swiss"]
[EventRounds "9"]
[EventCountry "ISL"]
[SourceTitle "CBM 052"]
[Source "ChessBase"]
[SourceDate "1996.06.01"]
[SourceVersion "1"]
[SourceVersionDate "1996.06.01"]
[SourceQuality "1"]

1. e4 d6 2. d4 Nf6 3. Nc3 g6 4. f4 Bg7 5. Nf3 0-0 6. e5 Nfd7 7. h4 c5 8. h5 cxd4 9. hxg6 dxc3 10. gxf7+ Rxf7 11. Ng5 cxb2 12. Bxb2 Qa5+ 13. c3 Nxe5 14. Qb3 Qc5 15. Be2 Qe3 16. Bc1 Qg3+ 17. Kd1 Bg4 18. Re1 Qd3+ 19. Bd2 Nc4 0-1

[Event "Reykjavik op"]
[Site "Reykjavik"]
[Date "1996.??.??"]
[Round "2"]
[White "Bronstein, David Ionovich"]
[Black "Gulko, Boris F"]
[Result "1/2-1/2"]
[WhiteElo "2455"]
[BlackElo "2615"]
[PlyCount "39"]
[EventDate "1996.03.??"]
[EventType "swiss"]
[EventRounds "9"]
[EventCountry "ISL"]
[SourceTitle "CBM 052"]
[Source "ChessBase"]
[SourceDate "1996.06.01"]
[SourceVersion "1"]
[SourceVersionDate "1996.06.01"]
[SourceQuality "1"]

1. e4 c6 2. d4 d5 3. Nc3 dxe4 4. Nxe4 Nd7 5. c3 Ngf6 6. Ng3 e6 7. Nf3 Bd6 8. Bd3 b6 9. Qe2 0-0 10. Ne4 Be7 11. Ne5 Bb7 12. Ng5 h6 13. Ngf3 c5 14. 0-0 a6 15. Bf4 cxd4 16. cxd4 Nd5 17. Bd2 Nb4 18. Bxb4 Bxb4 19. Rac1 Nxe5 20. dxe5 1/2-1/2

[Event "Reykjavik op"]
[Site "Reykjavik"]
[Date "1996.??.??"]
[Round "9"]
[White "Gunnarsson, Jon Viktor"]
[Black "Bronstein, David Ionovich"]
[Result "0-1"]
[WhiteElo "2180"]
[BlackElo "2455"]
[PlyCount "100"]
[EventDate "1996.03.??"]
[EventType "swiss"]
[EventRounds "9"]
[EventCountry "ISL"]
[SourceTitle "CBM 052"]
[Source "ChessBase"]
[SourceDate "1996.06.01"]
[SourceVersion "1"]
[SourceVersionDate "1996.06.01"]
[SourceQuality "1"]

1. e4 d5 2. exd5 Nf6 3. d4 Nxd5 4. c4 Nb4 5. Qa4+ N8c6 6. a3 Na6 7. Nf3 e5 8. Nxe5 Qxd4 9. Nxc6 Qe4+ 10. Be3 Bd7 11. Nc3 Bxc6 12. Nxe4 Bxa4 13. Rc1 Bc6 14. Nc3 Bc5 15. b4 Bxe3 16. fxe3 Bd7 17. c5 Nb8 18. Bc4 Nc6 19. Bd5 Rb8 20. Bxc6 bxc6 21. 0-0 Ke7 22. Ne2 a5 23. Rb1 axb4 24. axb4 Ra8 25. Rb2 Ra3 26. Kf2 Bf5 27. Rd1 Rha8 28. Kf3 h5 29. h3 Kf6 30. Nd4 Re8 31. Nxf5 Kxf5 32. Re2 Re7 33. Rd4 g5 34. g4+ hxg4+ 35. hxg4+ Kf6 36. Kf2 Rb3 37. Kf3 Kg6 38. Kf2 Re8 39. Kf3 Rb8 40. Rd7 R8xb4 41. Rxc7 Rf4+ 42. Kg2 Rxg4+ 43. Kh3 Re4 44. Rxc6+ f6 45. Kg2 Rexe3 46. Rd2 Red3 47. Re2 Rbc3 48. Rc8 Rd5 49. c6 Rdc5 50. Re6 Kf5 0-1

[Event "Brussels op"]
[Site "Brussels"]
[Date "1995.??.??"]
[Round "?"]
[White "Bronstein, David Ionovich"]
[Black "De Villers, Mourad"]
[Result "1-0"]
[WhiteElo "2435"]
[BlackElo "2140"]
[PlyCount "57"]
[EventDate "1995.04.??"]
[EventType "swiss"]
[EventRounds "9"]
[EventCountry "BEL"]
[SourceTitle "EXT 1997"]
[Source "ChessBase"]
[SourceDate "1996.11.15"]
[SourceVersion "1"]
[SourceVersionDate "1996.11.15"]
[SourceQuality "1"]

1. e4 c5 2. Nf3 d6 3. c3 Nf6 4. Bd3 Nc6 5. Bc2 Bg4 6. d3 g6 7. Nbd2 Bg7 8. h3 Bd7 9. 0-0 b5 10. d4 cxd4 11. cxd4 0-0 12. Nb3 a5 13. Be3 Qb8 14. d5 Nb4 15. Bb1 a4 16. Nbd4 Rc8 17. Re1 Na6 18. Bf4 Qb6 19. Be3 Qb8 20. Nd2 Nc5 21. Bc2 Be8 22. Rc1 b4 23. Bb1 Bb5 24. Nc6 Bxc6 25. dxc6 Rxc6 26. e5 Nd5 27. Qf3 Nxe3 28. Qxc6 Bxe5 29. Rxe3 1-0

[Event "Hastings Masters"]
[Site "Hastings"]
[Date "1995.??.??"]
[Round "6"]
[White "Bronstein, David Ionovich"]
[Black "Howell, James C"]
[Result "1-0"]
[WhiteElo "2445"]
[BlackElo "2525"]
[PlyCount "91"]
[EventDate "1995.08.??"]
[EventType "swiss"]
[EventRounds "9"]
[EventCountry "ENG"]
[SourceTitle "CBM 048 Extra"]
[Source "ChessBase"]
[SourceDate "1995.11.01"]
[SourceVersion "1"]
[SourceVersionDate "1995.11.01"]
[SourceQuality "1"]

1. c4 e5 2. Nc3 Nc6 3. Nf3 Nf6 4. e3 Bb4 5. Qc2 0-0 6. d3 d5 7. cxd5 Qxd5 8. Bd2 Bxc3 9. Bxc3 Re8 10. Be2 e4 11. Bxf6 exf3 12. Bxf3 Nb4 13. Qc3 Qxd3 14. Qxb4 gxf6 15. Rd1 Qa6 16. a3 Rb8 17. h4 Be6 18. Be2 Qb6 19. Qc3 Bf5 20. Rd5 Qe6 21. Rd4 Qe5 22. 0-0 c5 23. Rf4 Kg7 24. Qa5 Qxb2 25. Rxf5 Qxe2 26. Qxc5 Qa6 27. h5 h6 28. Qb4 Rbd8 29. Rc1 Qe6 30. Ra5 Rd5 31. Rxa7 Rxh5 32. Qxb7 Rf8 33. Qf3 Qe5 34. g3 Rf5 35. Qg4+ Rg5 36. Qf4 Qb2 37. Rcc7 h5 38. Kg2 Qb1 39. Qc4 Qg6 40. Kf3 Rg4 41. Qe6 Kg8 42. Qd7 Rg5 43. Rc4 Kg7 44. Rf4 Rb8 45. Qd4 Rf5 46. Rxf7+ 1-0

[Event "Hastings Challengers 9596"]
[Site "Hastings"]
[Date "1995.??.??"]
[Round "8"]
[White "Bronstein, David Ionovich"]
[Black "Kelly, Brian"]
[Result "1-0"]
[WhiteElo "2445"]
[BlackElo "2300"]
[PlyCount "56"]
[EventDate "1995.12.??"]
[EventType "swiss"]
[EventRounds "11"]
[EventCountry "ENG"]
[SourceTitle "CBM 050 Extra"]
[Source "ChessBase"]
[SourceDate "1996.03.01"]
[SourceVersion "1"]
[SourceVersionDate "1996.03.01"]
[SourceQuality "1"]

1. e4 c5 2. Nf3 e6 3. Qe2 Nc6 4. g3 Nf6 5. Bg2 d5 6. d3 Be7 7. 0-0 0-0 8. e5 Nd7 9. c4 d4 10. h4 a6 11. Bf4 Rb8 12. Nh2 Na5 13. Nd2 b5 14. b3 Bb7 15. Bh3 bxc4 16. bxc4 Nc6 17. Ng4 Ba8 18. Nf3 Rb4 19. Ng5 Qb6 20. Bg2 Rb2 21. Qd1 Qa5 22. Be4 g6 23. Qf3 Qc7 24. Nh6+ Kg7 25. Nhxf7 Ncxe5 26. Nxe6+ Kxf7 27. Bxe5+ Kxe6 28. Bd5+ Bxd5 1-0

[Event "Wrexham"]
[Site "Wrexham"]
[Date "1995.??.??"]
[Round "2"]
[White "Bronstein, David Ionovich"]
[Black "Martinovsky, Eugene Simeon"]
[Result "1/2-1/2"]
[WhiteElo "2445"]
[BlackElo "2305"]
[PlyCount "43"]
[EventDate "1995.10.??"]
[EventType "tourn"]
[EventRounds "9"]
[EventCountry "WLS"]
[EventCategory "7"]
[SourceTitle "EXT 1998"]
[Source "ChessBase"]
[SourceDate "1997.11.17"]
[SourceVersion "1"]
[SourceVersionDate "1997.11.17"]
[SourceQuality "1"]

1. e4 e5 2. Nf3 Nc6 3. Nc3 Nf6 4. Bb5 Bb4 5. 0-0 0-0 6. d3 d6 7. Bg5 Bxc3 8. bxc3 Bd7 9. Nd2 h6 10. Bh4 g5 11. Bg3 Ne7 12. Bxd7 Qxd7 13. Nc4 Qc6 14. h4 Kg7 15. Qe1 Nh5 16. Qe2 Nf4 17. Bxf4 gxf4 18. a4 Kh7 19. g3 f5 20. Kh2 fxe4 21. Qxe4+ Qxe4 22. dxe4 1/2-1/2

[Event "Brussels op"]
[Site "Brussels"]
[Date "1995.??.??"]
[Round "?"]
[White "Bronstein, David Ionovich"]
[Black "Milov, Vadim"]
[Result "1/2-1/2"]
[WhiteElo "2435"]
[BlackElo "2580"]
[PlyCount "30"]
[EventDate "1995.04.??"]
[EventType "swiss"]
[EventRounds "9"]
[EventCountry "BEL"]
[SourceTitle "EXT 1997"]
[Source "ChessBase"]
[SourceDate "1996.11.15"]
[SourceVersion "1"]
[SourceVersionDate "1996.11.15"]
[SourceQuality "1"]

1. e4 c5 2. c3 d5 3. exd5 Qxd5 4. d4 Nc6 5. Be3 cxd4 6. cxd4 e5 7. Nc3 Bb4 8. dxe5 Qxe5 9. Rc1 Nf6 10. Nf3 Qa5 11. Bc4 0-0 12. 0-0 Bxc3 13. Rxc3 Bg4 14. Ra3 Qh5 15. Be2 Rfd8 1/2-1/2

[Event "Hastings Masters"]
[Site "Hastings"]
[Date "1995.??.??"]
[Round "2"]
[White "Bronstein, David Ionovich"]
[Black "Summerscale, Aaron"]
[Result "1/2-1/2"]
[WhiteElo "2445"]
[BlackElo "2455"]
[PlyCount "71"]
[EventDate "1995.08.??"]
[EventType "swiss"]
[EventRounds "9"]
[EventCountry "ENG"]
[SourceTitle "CBM 048 Extra"]
[Source "ChessBase"]
[SourceDate "1995.11.01"]
[SourceVersion "1"]
[SourceVersionDate "1995.11.01"]
[SourceQuality "1"]

1. e4 d6 2. d4 Nf6 3. Nc3 c6 4. Bg5 Nbd7 5. Nf3 e5 6. Bc4 Be7 7. a4 0-0 8. 0-0 b6 9. Re1 a6 10. Qd3 Bb7 11. Rad1 Qc7 12. Nh4 g6 13. Ne2 exd4 14. Nxd4 Ne5 15. Qb3 Nxc4 16. Qxc4 Nxe4 17. Ne6 fxe6 18. Qxe6+ Rf7 19. Bxe7 d5 20. Ba3 Qc8 21. Qxc8+ Rxc8 22. f3 Nc5 23. Bxc5 bxc5 24. Re5 Rf4 25. g3 Rxa4 26. Re7 Rb4 27. b3 Rf8 28. f4 Bc8 29. Rc7 c4 30. Re1 Rb7 31. Rxc6 cxb3 32. cxb3 Rxb3 33. Re7 Rb7 34. Nxg6 hxg6 35. Rxg6+ Kh8 36. Rh6+ 1/2-1/2

[Event "Hastings Challengers 9596"]
[Site "Hastings"]
[Date "1995.??.??"]
[Round "7"]
[White "Ferguson, Mark"]
[Black "Bronstein, David Ionovich"]
[Result "1/2-1/2"]
[WhiteElo "2360"]
[BlackElo "2445"]
[PlyCount "60"]
[EventDate "1995.12.??"]
[EventType "swiss"]
[EventRounds "11"]
[EventCountry "ENG"]
[SourceTitle "CBM 050 Extra"]
[Source "ChessBase"]
[SourceDate "1996.03.01"]
[SourceVersion "1"]
[SourceVersionDate "1996.03.01"]
[SourceQuality "1"]

1. e4 d5 2. exd5 Qxd5 3. Nc3 Qd6 4. d4 Nf6 5. Nf3 a6 6. h3 e6 7. Be3 b5 8. a3 Bb7 9. Be2 Nbd7 10. 0-0 c5 11. dxc5 Qxd1 12. Raxd1 Bxc5 13. Bxc5 Nxc5 14. Ne5 Ke7 15. Rd4 Rhd8 16. Rfd1 Rxd4 17. Rxd4 Rc8 18. f3 g5 19. h4 h6 20. Kf2 Ncd7 21. Nxd7 Nxd7 22. hxg5 hxg5 23. a4 bxa4 24. Rxa4 Rc6 25. Ke3 Rb6 26. b3 Rc6 27. Rc4 Rxc4 28. Bxc4 a5 29. g3 Ne5 30. Be2 Bc6 1/2-1/2

[Event "Hastings Challengers 9596"]
[Site "Hastings"]
[Date "1995.??.??"]
[Round "1"]
[White "Ledger, Stephen C"]
[Black "Bronstein, David Ionovich"]
[Result "0-1"]
[WhiteElo "2260"]
[BlackElo "2445"]
[PlyCount "78"]
[EventDate "1995.12.??"]
[EventType "swiss"]
[EventRounds "11"]
[EventCountry "ENG"]
[SourceTitle "EXT 1998"]
[Source "ChessBase"]
[SourceDate "1997.11.17"]
[SourceVersion "1"]
[SourceVersionDate "1997.11.17"]
[SourceQuality "1"]

1. d4 d6 2. Nf3 Nf6 3. Bf4 g6 4. e3 Nh5 5. Bg5 h6 6. Bh4 Nd7 7. Bc4 Ndf6 8. Nbd2 g5 9. Bg3 Bg7 10. c3 a6 11. e4 b5 12. Bb3 Nxg3 13. hxg3 e6 14. Qe2 Bb7 15. e5 Nd7 16. d5 exd5 17. exd6+ Kf8 18. dxc7 Qxc7 19. 0-0 Re8 20. Qd3 Nc5 21. Qf5 Ne4 22. Rfe1 Rd8 23. Nxe4 Bc8 24. Qxd5 Rxd5 25. Bxd5 f5 26. Ned2 Bf6 27. Rad1 Rh7 28. Be6 Re7 29. Bxc8 Rxe1+ 30. Rxe1 Qxc8 31. Nb3 Qc4 32. Ne5 Qd5 33. Nf3 a5 34. Nxa5 Qxa2 35. Nc6 Qxb2 36. Ncd4 g4 37. Ne5 Qxc3 38. Nd7+ Kf7 39. Ne5+ Kg8 0-1

[Event "Wrexham"]
[Site "Wrexham"]
[Date "1995.??.??"]
[Round "3"]
[White "Neffe, Axel"]
[Black "Bronstein, David Ionovich"]
[Result "1/2-1/2"]
[WhiteElo "2245"]
[BlackElo "2445"]
[PlyCount "59"]
[EventDate "1995.10.??"]
[EventType "tourn"]
[EventRounds "9"]
[EventCountry "WLS"]
[EventCategory "7"]
[SourceTitle "EXT 1998"]
[Source "ChessBase"]
[SourceDate "1997.11.17"]
[SourceVersion "1"]
[SourceVersionDate "1997.11.17"]
[SourceQuality "1"]

1. e4 e5 2. f4 exf4 3. Nf3 g5 4. h4 g4 5. Ng5 d5 6. exd5 h6 7. Qe2+ Be7 8. Ne4 f5 9. Nbc3 fxe4 10. Qxe4 Nf6 11. Qg6+ Kf8 12. d4 Qe8 13. Qxe8+ Nxe8 14. Bxf4 Bd6 15. Bd3 Bxf4 16. 0-0 Kg7 17. Rxf4 Rf8 18. Ne2 c6 19. Raf1 Rxf4 20. Nxf4 cxd5 21. Nh5+ Kg8 22. Bg6 Nd6 23. Rf6 Ne4 24. Rf7 Nc6 25. Rc7 Nxd4 26. Rg7+ Kf8 27. Rf7+ Kg8 28. Rg7+ Kf8 29. Rf7+ Kg8 30. Rg7+ 1/2-1/2

[Event "Hastings op 9495"]
[Site "Hastings"]
[Date "1995.??.??"]
[Round "9"]
[White "Shcherbakov, Ruslan"]
[Black "Bronstein, David Ionovich"]
[Result "1/2-1/2"]
[WhiteElo "2520"]
[BlackElo "2435"]
[PlyCount "26"]
[EventDate "1994.12.??"]
[EventType "swiss"]
[EventRounds "9"]
[EventCountry "ENG"]
[SourceTitle "EXT 1997"]
[Source "ChessBase"]
[SourceDate "1996.11.15"]
[SourceVersion "1"]
[SourceVersionDate "1996.11.15"]
[SourceQuality "1"]

1. d4 d5 2. c4 dxc4 3. e4 e5 4. Nf3 exd4 5. Bxc4 Nc6 6. 0-0 Be6 7. Bxe6 fxe6 8. Qb3 Qd7 9. Qxb7 Rb8 10. Qa6 Nf6 11. Nbd2 Bb4 12. e5 Ng4 13. Qe2 Qd5 1/2-1/2

[Event "Brussels op"]
[Site "Brussels"]
[Date "1995.??.??"]
[Round "?"]
[White "Vanderwaeren, Serge"]
[Black "Bronstein, David Ionovich"]
[Result "0-1"]
[WhiteElo "2295"]
[BlackElo "2435"]
[PlyCount "82"]
[EventDate "1995.04.??"]
[EventType "swiss"]
[EventRounds "9"]
[EventCountry "BEL"]
[SourceTitle "EXT 1997"]
[Source "ChessBase"]
[SourceDate "1996.11.15"]
[SourceVersion "1"]
[SourceVersionDate "1996.11.15"]
[SourceQuality "1"]

1. e4 e6 2. d4 d5 3. Nd2 c5 4. Ngf3 Nc6 5. Bb5 cxd4 6. 0-0 a6 7. Bxc6+ bxc6 8. Nxd4 c5 9. Nc6 Qc7 10. exd5 exd5 11. Re1+ Be6 12. Ne5 Bd6 13. Ndf3 Ne7 14. Bf4 0-0 15. Qd2 d4 16. b3 Bd5 17. Bg3 Rad8 18. Qd3 f6 19. Nc4 Bxg3 20. hxg3 Bf7 21. Nb2 a5 22. Re2 Nd5 23. Qd2 Nc3 24. Ree1 Bd5 25. Nd3 Be4 26. a4 Qc6 27. Qf4 Rfe8 28. Kf1 c4 29. bxc4 Qxc4 30. Qd2 Qc6 31. Qf4 Nxa4 32. Rac1 Nc3 33. g4 h6 34. Ra1 a4 35. Qg3 Qb5 36. Nd2 Bg6 37. f4 Re3 38. Rxe3 dxe3 39. Qxe3 Bxd3+ 40. cxd3 Re8 41. Qf3 Qb2 0-1